000 01437cam a22003257a 4500
003 CHAP
005 20220329135441.0
008 971013d1967 mx b r 00110 spa d
010 _a36694
011 _a37666
035 _a41786
040 _cCHAP
082 0 4 _a631.7
_bM4
110 0 _aMéxico. Dirección General de Distritos de Riego
_976971
245 1 0 _aCaracterísticas de los distritos de riego
_c/por Dirección General de Distritos de Riego
260 _aMéxico, D.F. :
_bDirección General de Distritos de Riego
_c1967.
300 _a3 v.
_b; mapas
505 _aContenido: v.1 Zonas Pacífico norte, norte centro y noreste -- v.2 Cuenca del Río lerma -- v.3 Zonas centro, Golfo de México y Sur
590 _aBATCH-UPD
_b10
_c20130110
_lUCH01
_h1305
590 _aCONVERSION
_b10
_c20130109
_lUCH01
_h1321
650 1 4 _aDistritos de riego.
_932966
901 _aBK
942 _cLIBRO
949 _a631.7 M4 1973
_bBC
_cLIBRO
_d33724000168134
_eLIBRO
_fv.1 c.2
_h12021
_i41786
_si
949 _a631.7 M4 1973
_bBC
_cLIBRO
_d33724000168142
_eLIBRO
_fv.3
_h47222
_i41786
_si
949 _a631.7 M4 1973
_bBC
_cLIBRO
_d33724000704995
_eLIBRO
_fv.3 c.2
_h93655
_i41786
_kDonaciØn
_si
949 _a631.7 M4 1973
_bBC
_cLIBRO
_d33724000705000
_eLIBRO
_fv.2 c.2
_h93656
_i41786
_kDonaciØn
_sb
949 _a631.7 M4 1973
_bBC
_cLIBRO
_d33724002311496
_eLIBRO
_fv.1
_h21855
_i41786
_si
949 _a631.7 M4 1973
_bBC
_cMUT
_d-106345
_eMUT
_fv.2
_h21857
_i41786
_si
999 _c36694
_d36694